000 00627nam a2200241Ia 4500
003 OSt
005 20220918174547.0
006 a|||||r|||| 00| 0
007 ta
008 220917b |||||||| |||| 00| 0 eng d
024 _a12,829
037 _cTextual
040 _aARTS
_cARTS
_beng
041 _2eng
_aeng
082 _a/\46:36, L5
100 _aStone Justin F.
_950020
245 0 _aZen meditation
_b A broad view
260 _aNew Mexico
_bSun Books
_c1975
300 _a150p.
_ccm.
650 _aSPIRITUALISM
942 _h/\46:36, L5
_cTEXL
_2CC
999 _c153666
_d153666